Sociological theory : what went wrong? : diagnosis and remedies

Αποθηκεύτηκε σε:
Λεπτομέρειες βιβλιογραφικής εγγραφής
Κύριος συγγραφέας: Mouzelis, Nicos P.
Μορφή: Βιβλίο
Γλώσσα:English
Δημοσίευση: London ; New York : Routledge, 1995.
Θέματα:
Ετικέτες: Προσθήκη ετικέτας
Δεν υπάρχουν, Καταχωρήστε ετικέτα πρώτοι!

MARC

LEADER 00000cam a2200000 a 4500
001 1/107323
008 150709s1995####enk| ||| |||| ||eng||
020 |a 0415076943  
040 |a GR-MyUa  |b gre  |c GR-MyUa  |e AACR2 
041 0 |a eng 
082 7 |a 301.01   |2 (23)  
100 1 |a Mouzelis, Nicos P. 
245 1 0 |a Sociological theory :   |b what went wrong? : diagnosis and remedies /   |c Nicos Mouzelis.  
260 |a London ;   |a New York :   |b Routledge,   |c 1995.  
300 |a xi, 220 σ. ;   |c 23 εκ.  
504 |a Περιλαμβάνει βιβλιογραφία (σ. 204-210) και ευρετήριο.  
650 0 |a Sociology  |x Philosophy. 
767 0 8 |i Μεταφρασμένο ως:   |t Η κρίση της κοινωνιολογικής θεωρίας :  
852 |a INST  |b LESVOS  |e 20150709  |h 301.01 MOU  |p 005100057045  |q 005100057045  |t BK  |y 0 
922 |a 1ΕΛΗ  |b 2015-04   |c Τμήμα Κοινωνιολογίας   |d Διαδρομές  
970 |a Τζαφέρη   |b Ευαγγελία   |z 08-07-2015